[Event "13th S&WYM"]
[Site "Millfield School ENG"]
[Date "2003.07.13"]
[Round "5"]
[White "Jones,G"]
[Black "Buckley,Si"]
[Result "1-0"]
[WhiteElo "2347"]
[BlackElo "2267"]
[EventDate "2003.07.09"]

1. e4 c5 2. Nf3 d6 3. c3 Nf6 4. Be2 Nbd7 5. d3 b6 6. O-O Bb7 7. Nbd2 g6 8.
d4 cxd4 9. cxd4 Nxe4 10. Nxe4 Bxe4 11. Ng5 d5 12. Qb3 Bg7 13. f3 Bf5 14.
Qxd5 e6 15. Qd6 Qb8 16. Nxf7 Rf8 17. Qxb8+ Rxb8 18. Nd6+ Ke7 19. Nxf5+ Rxf5
20. Be3 Rd5 21. Rfd1 Rc8 22. Rd2 Rc6 23. f4 Rdd6 24. Bf3 Rc4 25. d5 e5 26.
Re1 e4 27. Bf2 Nf6 28. Bh4 Kd7 29. b3 Rb4 30. Bxf6 Rxf6 31. Bg4+ Ke7 32.
Rc1 Rd6 33. Rc7+ Kf8 34. Be6 Bd4+ 35. Kf1 e3 36. Rdc2 Bc5 37. Rc4 Rxc4 38.
bxc4 a5 39. Rxh7 a4 40. Rf7+ Ke8 41. Rg7 a3 42. Rxg6 b5 43. Rg8+ Ke7 44.
Rg7+ Kf8 45. Rf7+ Ke8 46. cxb5 Rb6 47. Rc7 Bd6 48. Rc6 Rxb5 49. Rxd6 Rb2
50. Ra6 1-0

[Event "13th S&WYM"]
[Site "Millfield School ENG"]
[Date "2003.07.13"]
[Round "5"]
[White "Sinkevich,P"]
[Black "Trent,L"]
[Result "1/2-1/2"]
[WhiteElo "2313"]
[BlackElo "2299"]
[EventDate "2003.07.09"]

1. e4 e5 2. Nf3 Nc6 3. Bb5 Bc5 4. c3 f5 5. exf5 e4 6. d4 exf3 7. dxc5 Qe7+
8. Be3 fxg2 9. Rg1 Nf6 10. Na3 b6 11. Qf3 Bb7 12. Qxg2 O-O-O 13. O-O-O Qe5
14. cxb6 axb6 15. Qg3 Qxf5 16. Bxb6 d6 17. Be3 Ne5 18. Qf4 Qe6 19. Qa4 Qxa2
20. Ba6 g6 21. Bxb7+ Kxb7 22. Qb5+ Kc8 23. c4 Ne4 24. Kc2 Nxc4 25. Qxc4
Qxc4+ 26. Nxc4 Rhf8 27. Rgf1 Rf5 28. Nd2 Nf6 29. Ra1 Kd7 30. Bd4 Nd5 31.
Ra4 c5 32. Ra7+ Kc6 33. Bc3 Rdf8 34. Rxh7 Rxf2 35. Rxf2 Rxf2 36. Rh6 Nf4
37. Bf6 Rg2 38. h4 Kd5 39. Bg5 Ke5 40. Bxf4+ Kxf4 41. h5 Ke3 42. Rxg6 Rxd2+
43. Kc3 Rd3+ 44. Kc2 Rd2+ 45. Kc1 Rh2 46. Rxd6 Rxh5 47. Kc2 Ke4 48. Kc3 Ke5
49. Rd8 Rh4 1/2-1/2

[Event "13th S&WYM"]
[Site "Millfield School ENG"]
[Date "2003.07.13"]
[Round "5"]
[White "Pinter,G"]
[Black "Jasny,S"]
[Result "1/2-1/2"]
[WhiteElo "2376"]
[BlackElo "2319"]
[EventDate "2003.07.09"]

1. e4 c5 2. Nf3 d6 3. d4 cxd4 4. Nxd4 Nf6 5. Nc3 g6 6. Be3 Bg7 7. f3 O-O 8.
Qd2 Nc6 9. Bc4 Bd7 10. O-O-O Rc8 11. Bb3 Ne5 12. Kb1 Nc4 13. Bxc4 Rxc4 14.
g4 Qb8 15. g5 Nh5 16. b3 Rcc8 17. Nd5 Rfe8 18. Ne2 Be6 19. Ng3 Nxg3 20.
hxg3 Bxd5 21. exd5 Qc7 22. c4 b5 23. Bd4 e5 24. dxe6 fxe6 25. Bxg7 Qxg7 26.
cxb5 d5 27. Rc1 Qe5 28. Qf4 Qe2 29. Rhe1 Qxb5 30. Rxc8 Rxc8 31. Rxe6 Qd3+
32. Kb2 Qc2+ 33. Ka3 d4 34. Qe5 a5 35. Rb6 a4 36. Qd5+ Kh8 37. Rb7 d3 38.
Rd7 axb3 39. Rd8+ Rxd8 40. Qxd8+ Kg7 41. Qe7+ Kg8 1/2-1/2

[Event "13th S&WYM"]
[Site "Millfield School ENG"]
[Date "2003.07.13"]
[Round "5"]
[White "Palliser,R"]
[Black "Buckley,M"]
[Result "0-1"]
[WhiteElo "2438"]
[BlackElo "2130"]
[EventDate "2003.07.09"]

1. e4 e6 2. d4 d5 3. Nc3 Bb4 4. e5 c5 5. a3 Bxc3+ 6. bxc3 Ne7 7. Qg4 Kf8 8.
Bd2 b6 9. dxc5 bxc5 10. Nf3 Qc7 11. Bd3 Nbc6 12. O-O c4 13. Be2 Nxe5 14.
Nxe5 Qxe5 15. Bf4 Qf6 16. Bd6 0-1

[Event "13th S&WYM"]
[Site "Millfield School ENG"]
[Date "2003.07.13"]
[Round "5"]
[White "Addison,B"]
[Black "Nixon,T"]
[Result "1-0"]
[WhiteElo "2251"]
[BlackElo "2226"]
[EventDate "2003.07.09"]

1. c4 e6 2. Nf3 Nf6 3. g3 Be7 4. Bg2 d5 5. b3 O-O 6. O-O c5 7. Bb2 Nc6 8.
e3 Qb6 9. d3 Rd8 10. Qe2 d4 11. exd4 cxd4 12. Ne5 Nxe5 13. Qxe5 Ne8 14. f4
Bf6 15. Qe2 Bd7 16. Nd2 Rac8 17. Rab1 Bc6 18. Nf3 a5 19. Ba3 Qa7 20. Bh3
Nd6 21. g4 g6 22. Ne5 Qb8 23. Rbe1 Bg7 24. Qf2 Qc7 25. Bb2 Re8 26. Bxd4 f5
27. g5 Ra8 28. Bb6 Qb8 29. Re2 Bxe5 30. fxe5 Nf7 31. Qf4 Ra6 32. c5 Re7 33.
Bg2 Bb5 34. Re3 Rd7 35. Rd1 a4 36. d4 axb3 37. axb3 Bc6 38. Bf1 Ra2 39. b4
h6 40. h4 hxg5 41. hxg5 Qf8 42. b5 Bd5 43. Rc1 Re7 44. c6 Re8 45. Bc5 Qg7
46. c7 Rc8 47. b6 Nh8 48. Rh3 Nf7 49. Be7 Ra4 50. Rc2 Ra1 51. Qh4 Qh8 52.
Qxh8+ Nxh8 53. Bf6 Nf7 54. Rch2 Raa8 55. Rh7 Nh8 56. Rg7+ Kf8 57. Rxh8+ 1-0

[Event "13th S&WYM"]
[Site "Millfield School ENG"]
[Date "2003.07.14"]
[Round "6"]
[White "Mah,K"]
[Black "Prokopchuk,E"]
[Result "1/2-1/2"]
[WhiteElo "2418"]
[BlackElo "2504"]
[EventDate "2003.07.09"]

1. d4 d6 2. Nf3 Nf6 3. c4 Nbd7 4. Nc3 e5 5. e4 Be7 6. Be2 O-O 7. O-O c6 8.
Be3 a6 9. d5 cxd5 10. cxd5 Ng4 11. Bd2 b5 12. Ne1 Ngf6 13. Nc2 Nb6 14. Nb4
Bd7 15. Rc1 Qb8 16. b3 Rc8 17. a4 bxa4 18. Bxa6 Rc7 19. bxa4 Nxa4 20. Nxa4
Rxc1 21. Qxc1 Bxa4 22. Qc4 Bd8 23. Rc1 Bb6 24. Qe2 Qa7 25. Bd3 Bc5 26. Na6
1/2-1/2

[Event "13th S&WYM"]
[Site "Millfield School ENG"]
[Date "2003.07.14"]
[Round "6"]
[White "Antal,Ge"]
[Black "Jones,G"]
[Result "1/2-1/2"]
[WhiteElo "2475"]
[BlackElo "2347"]
[EventDate "2003.07.09"]

1. e4 c5 2. Nf3 d6 3. d4 cxd4 4. Nxd4 Nf6 5. Nc3 g6 6. Be3 Bg7 7. f3 O-O 8.
Qd2 Nc6 9. O-O-O d5 10. exd5 Nxd5 11. Nxc6 bxc6 12. Bd4 e5 13. Bc5 Be6 14.
Ne4 Re8 15. g4 Nf4 16. Qxd8 Rexd8 17. Ba6 Bd5 18. g5 Ne6 19. Be7 Re8 20.
Bf6 Bxe4 21. fxe4 Bxf6 22. gxf6 Nc5 23. Bc4 Rad8 24. Rhe1 h5 25. b4 Na4 26.
Bb3 Nc3 27. Rxd8 Rxd8 28. a4 c5 29. bxc5 Rc8 30. Kd2 Rxc5 31. Re3 Nb1+ 32.
Kc1 Nc3 33. h4 a5 34. Kd2 Nb1+ 35. Kc1 Nc3 36. Kd2 Nb1+ 37. Kc1 Nc3 1/2-1/2

[Event "13th S&WYM"]
[Site "Millfield School ENG"]
[Date "2003.07.14"]
[Round "6"]
[White "Dvorak,T"]
[Black "Gordon,S"]
[Result "1-0"]
[WhiteElo "2319"]
[BlackElo "2216"]
[EventDate "2003.07.09"]

1. e4 c5 2. Nf3 g6 3. d4 cxd4 4. Nxd4 Nc6 5. Nc3 Bg7 6. Be3 Nf6 7. Bc4 O-O
8. Bb3 a5 9. f3 d5 10. Bxd5 Nxd5 11. Nxd5 e6 12. Nxc6 bxc6 13. Nb6 Rb8 14.
Qxd8 Rxd8 15. Rd1 Rxd1+ 16. Kxd1 Bxb2 17. Nxc8 Rxc8 18. Ke2 a4 19. Rb1 a3
20. Bc5 Ra8 21. Rd1 Ra4 22. Rd8+ Kg7 23. Kd3 Ra5 24. Kc4 Rb5 25. Ra8 Be5
26. Rxa3 Bxh2 27. Ra8 Be5 28. a4 Rb1 29. a5 Rc1 30. Kd3 Rd1+ 31. Ke2 Rc1
32. Kd2 Bf4+ 33. Kd3 Rd1+ 34. Kc4 Rc1 35. Kb3 Rb1+ 36. Ka2 Rb5 37. Bd4+ e5
38. Bb6 c5 39. Rb8 c4 40. a6 Be3 41. a7 Bxb6 42. a8=Q Ra5+ 43. Qxa5 Bxa5
44. Rb5 Bd2 45. Rxe5 h5 46. Rc5 c3 47. Kb3 Kf6 48. Kc4 h4 49. Kd4 Be1 50.
Rb5 Bd2 51. Rd5 Ke6 52. Re5+ Kf6 53. Rb5 Be1 54. f4 Bd2 55. Rb6+ Kg7 56.
Ke5 Be3 57. Rb7 Bd2 58. Rc7 Be1 59. Kd4 Bd2 60. Rxc3 Bxc3+ 61. Kxc3 g5 62.
fxg5 Kg6 63. Kd4 Kxg5 64. c4 f5 65. e5 f4 66. Ke4 Kg4 67. e6 f3 68. gxf3+
Kg3 69. e7 1-0

[Event "13th S&WYM"]
[Site "Millfield School ENG"]
[Date "2003.07.14"]
[Round "6"]
[White "Dearing,E"]
[Black "Bigg,A"]
[Result "1/2-1/2"]
[WhiteElo "2367"]
[BlackElo "2287"]
[EventDate "2003.07.09"]

1. c4 b6 2. Nc3 Bb7 3. Nf3 e6 4. g3 Bxf3 5. exf3 c5 6. d4 cxd4 7. Qxd4 Nc6
8. Qd3 Rc8 9. f4 Nf6 10. Bg2 Bb4 11. Bd2 O-O 12. O-O d5 13. cxd5 Bxc3 14.
Bxc3 Nxd5 15. Rfd1 Ncb4 16. Qe4 Qe7 17. Bd2 f5 18. Qe2 Rfd8 19. a3 Nc2 20.
Rac1 Nd4 21. Qd3 Rxc1 22. Rxc1 Nc7 23. Bb4 Qd7 24. Qc4 Ne8 25. Kh1 Qb5 26.
Bf1 Qd5+ 27. Qxd5 exd5 28. Bc3 Ne6 29. Be5 Kf7 30. Bd3 g6 31. Bb5 Nd6 32.
Bc6 Ne4 33. Kg2 d4 34. f3 N4c5 35. Rd1 Nb3 36. Ba4 Nbc5 37. Bb5 Ke7 38. b4
Nd7 39. Bd3 Nxe5 40. fxe5 Rc8 41. f4 Rc3 42. h4 h5 43. Ba6 Kd7 44. Bb5+ Ke7
1/2-1/2

[Event "13th S&WYM"]
[Site "Millfield School ENG"]
[Date "2003.07.14"]
[Round "6"]
[White "Buckley,M"]
[Black "Haslinger,S"]
[Result "0-1"]
[WhiteElo "2130"]
[BlackElo "2414"]
[EventDate "2003.07.09"]

1. e4 e5 2. Nf3 Nc6 3. Bc4 Nf6 4. d3 h6 5. c3 d6 6. O-O g6 7. h3 Bg7 8. Re1
O-O 9. Bb3 Bd7 10. Nbd2 Kh8 11. d4 a5 12. dxe5 Nxe5 13. Nxe5 dxe5 14. Nf3
Qe7 15. a4 Nh5 16. Qe2 Rae8 17. Bd5 b6 18. Be3 Nf4 19. Bxf4 exf4 20. Qd2 g5
21. Nd4 Qc5 22. Nb3 Qe7 23. Nd4 Rd8 24. Qe2 Qd6 25. Nb5 Qe5 26. Nd4 Qd6 27.
Nb5 Qc5 28. Bb3 f3 29. Qxf3 Bxb5 30. axb5 Qxb5 31. Bd5 Qxb2 32. Rac1 Qd2
33. g3 Rd6 34. Red1 Rf6 35. Qg2 Qb2 36. e5 Rf5 37. Re1 Rxe5 38. Kh2 Rxe1
39. Rxe1 Qxc3 40. Re3 Qf6 41. Bb3 b5 42. Bc2 a4 43. Re2 Rd8 44. Qe4 Kg8 0-1

[Event "13th S&WYM"]
[Site "Millfield School ENG"]
[Date "2003.07.14"]
[Round "6"]
[White "Jasny,S"]
[Black "Addison,B"]
[Result "0-1"]
[WhiteElo "2319"]
[BlackElo "2251"]
[EventDate "2003.07.09"]

1. e4 e5 2. Nf3 Nc6 3. Bb5 a6 4. Ba4 Nf6 5. O-O Be7 6. Re1 b5 7. Bb3 O-O 8.
a4 Bb7 9. d3 d6 10. Nbd2 Na5 11. Ba2 c5 12. Nf1 b4 13. Ng3 Bc8 14. c3 Rb8
15. d4 Qc7 16. h3 b3 17. Bb1 c4 18. Qe2 Re8 19. d5 Bf8 20. Bg5 Nd7 21. Nh2
f6 22. Bc1 Nb6 23. Qf3 Qf7 24. h4 g6 25. h5 Bg7 26. Ng4 Bxg4 27. Qxg4 Nd7
28. Nf1 Nf8 29. hxg6 hxg6 30. Be3 Qd7 31. Qh4 Bh8 32. Bd2 Re7 33. Ne3 Rh7
34. Qg4 Qxg4 35. Nxg4 Nd7 36. g3 Bg7 37. Kg2 Kf7 38. Rh1 Rxh1 39. Kxh1 Rh8+
40. Kg2 Rh5 41. Nh2 Rh8 42. Nf1 Bh6 43. Bxh6 Rxh6 44. Ne3 Rh8 45. Kg1 Ke7
46. Kg2 Kd8 47. Kg1 Kc7 48. Kg2 Kb6 49. Kg1 Rc8 50. Kg2 Nb7 51. Ra3 Ka5 52.
Nxc4+ Rxc4 53. Rxb3 Nbc5 54. Ra3 Rxa4 55. b4+ Kb5 56. Rxa4 Nxa4 57. Bd3+
Kb6 58. c4 a5 0-1

[Event "13th S&WYM"]
[Site "Millfield School ENG"]
[Date "2003.07.14"]
[Round "6"]
[White "Nixon,T"]
[Black "Palliser,R"]
[Result "0-1"]
[WhiteElo "2226"]
[BlackElo "2438"]
[EventDate "2003.07.09"]

1. d4 Nf6 2. c4 c5 3. d5 e6 4. Nc3 exd5 5. cxd5 d6 6. e4 g6 7. Bd3 Bg7 8.
Nge2 O-O 9. O-O a6 10. a4 Nbd7 11. h3 Qc7 12. Ng3 Re8 13. Be3 Rb8 14. Qc2
h5 15. Rfe1 c4 16. Be2 b5 17. axb5 axb5 18. Ra7 Qd8 19. Bf3 Nh7 20. Nf1 Nc5
21. Nd2 Ng5 22. Be2 f5 23. e5 Rxe5 24. Bxc5 dxc5 25. f4 Nxh3+ 26. gxh3 Qh4
27. Rxg7+ Kxg7 28. fxe5 Qxe1+ 29. Nf1 Bb7 30. Qd2 Qxd2 31. Nxd2 b4 32. Na4
Bxd5 33. Bxc4 Bxc4 34. Nxc4 g5 35. Nd6 c4 36. Nxc4 Rb5 37. b3 Rd5 38. Nab2
Kf7 39. Kf2 Rd4 40. Kg2 Ke6 41. Kf3 Kd5 42. Kg2 h4 43. Nd1 Rd3 44. Nde3+
Ke6 45. Nc2 g4 46. hxg4 fxg4 47. Nxb4 h3+ 48. Kh2 Rf3 49. Kg1 g3 50. Nd2
h2+ 51. Kh1 Rf2 52. Nd3 Rxd2 0-1

[Event "13th S&WYM"]
[Site "Millfield School ENG"]
[Date "2003.07.15"]
[Round "7"]
[White "Prokopchuk,E"]
[Black "Jones,G"]
[Result "1-0"]
[WhiteElo "2504"]
[BlackElo "2347"]
[EventDate "2003.07.09"]

1. e4 c5 2. Nf3 d6 3. d4 cxd4 4. Qxd4 a6 5. c4 Nc6 6. Qd2 Nf6 7. Nc3 g6 8.
b3 Bg7 9. Bb2 O-O 10. Be2 Qa5 11. Nd5 Qxd2+ 12. Nxd2 Nxd5 13. Bxg7 Kxg7 14.
exd5 Nd4 15. Bd3 Bf5 16. Bxf5 gxf5 17. O-O-O e5 18. dxe6 fxe6 19. Rhe1 e5
20. f4 Kf6 21. Nf3 Nxf3 22. gxf3 Rad8 23. Rxd6+ Rxd6 24. fxe5+ Ke6 25.
exd6+ Kxd6 26. Kd2 Rg8 27. Re2 h5 28. Ke3 h4 29. Kf4 h3 30. Kxf5 Rg2 31.
Re6+ Kc5 32. Rh6 Rxh2 33. f4 a5 34. Kg4 Rxa2 35. Rxh3 a4 36. bxa4 Kxc4 37.
Rh7 Rxa4 38. Rxb7 Kd5 39. Kg5 Kd6 40. f5 Ra1 41. Kf6 1-0

[Event "13th S&WYM"]
[Site "Millfield School ENG"]
[Date "2003.07.15"]
[Round "7"]
[White "Hanley,C"]
[Black "Dvorak,T"]
[Result "1-0"]
[WhiteElo "2387"]
[BlackElo "2319"]
[EventDate "2003.07.09"]

1. e4 c5 2. c3 d5 3. exd5 Qxd5 4. d4 g6 5. Nf3 Bg7 6. c4 Qe4+ 7. Be3 cxd4
8. Nxd4 Nf6 9. Nc3 Qe5 10. Be2 O-O 11. O-O Nc6 12. Nxc6 bxc6 13. Rc1 Bf5
14. Qd4 Qc7 15. Qh4 Rfd8 16. Rfd1 Rab8 17. b3 Qa5 18. Na4 e5 19. Rxd8+ Rxd8
20. f3 Bd3 21. Qe1 Qc7 22. Bxd3 Rxd3 23. Rd1 Rxd1 24. Qxd1 e4 25. Nc5 exf3
26. gxf3 Nh5 27. Qd7 Qe5 28. Qd8+ Bf8 29. Qxf8+ 1-0

[Event "13th S&WYM"]
[Site "Millfield School ENG"]
[Date "2003.07.15"]
[Round "7"]
[White "Dearing,E"]
[Black "Antal,Ge"]
[Result "1/2-1/2"]
[WhiteElo "2367"]
[BlackElo "2475"]
[EventDate "2003.07.09"]

1. c4 e5 2. g3 Nf6 3. Bg2 d5 4. cxd5 Nxd5 5. Nf3 Nc6 6. O-O Nb6 7. b3 Bd6
8. Bb2 O-O 9. Nc3 Qe7 10. d3 Ba3 11. Qc1 Bxb2 12. Qxb2 a5 13. Nd2 Nd4 14.
e3 Ne6 15. Nc4 Nxc4 16. bxc4 c6 17. Rfd1 a4 18. d4 a3 19. Qb3 exd4 20. exd4
c5 21. Nd5 Qd6 22. Qb6 Qxb6 23. Nxb6 Ra7 24. dxc5 Nxc5 25. Rab1 g6 26. Rb5
Na4 27. Nxa4 Rxa4 28. Bd5 Ra7 29. Re1 Bd7 30. Rb3 Bc6 31. Re7 Ra5 32. Bxc6
bxc6 33. Rc7 Rd8 34. Rf3 Rf5 35. Rxf5 gxf5 36. Rxc6 Rd2 37. Rf6 Rxa2 38.
Rxf5 Kf8 39. Ra5 Ke7 40. Ra6 Kf8 41. Ra7 Kg7 42. c5 Kg6 43. c6 Rc2 44. Rxa3
Rxc6 45. Ra8 Rb6 46. g4 Rc6 47. Kg2 Rb6 48. Kg3 Rc6 49. f3 Rb6 50. h3 Rc6
51. Kh4 h6 52. Ra3 h5 53. gxh5+ Kh6 54. Ra5 Rc4+ 55. Kg3 Rc6 56. Rf5 Kg7
57. Kg4 Rc1 58. h6+ Kg6 59. h7 Rc4+ 60. f4 Rc8 61. Rh5 Rh8 62. f5+ Kg7 63.
Kf4 f6 64. Rh4 Kf7 65. Ke4 Kg7 66. Kd5 Rd8+ 67. Ke6 Kh8 68. Kxf6 Rf8+ 69.
Ke6 Rf6+ 70. Ke5 Ra6 71. Rg4 Kxh7 72. f6 Ra5+ 73. Ke6 Ra6+ 74. Kf5 Ra5+ 75.
Kf4 Ra6 76. Kg5 Ra5+ 77. Kh4 Rf5 78. Rg7+ Kh8 79. Rf7 Kg8 80. Kg4 Rf1 81.
Rg7+ Kh8 82. Rf7 Kg8 83. Rg7+ Kh8 84. Kg5 Rxf6 85. Kxf6 1/2-1/2

[Event "13th S&WYM"]
[Site "Millfield School ENG"]
[Date "2003.07.15"]
[Round "7"]
[White "Haslinger,S"]
[Black "Trent,L"]
[Result "1/2-1/2"]
[WhiteElo "2414"]
[BlackElo "2299"]
[EventDate "2003.07.09"]

1. e4 e5 2. Nf3 Nc6 3. Nc3 Nf6 4. a3 g6 5. Bc4 Bg7 6. d3 h6 7. Be3 d6 8. h3
O-O 9. O-O Be6 10. Bxe6 fxe6 11. d4 exd4 12. Nxd4 Nxd4 13. Bxd4 e5 14. Be3
Qd7 15. Qd3 Kh7 16. Rad1 Nh5 17. Qb5 c6 18. Qd3 Rf6 19. f3 g5 20. g4 Raf8
21. Kg2 Nf4+ 22. Bxf4 gxf4 23. Ne2 Rg8 24. c4 Bf8 25. Qc3 Qe6 26. Kf2 Be7
27. Qd3 Bd8 28. Nc3 Bb6+ 29. Ke2 Rfg6 30. Kd2 Bd4 31. Kc2 a6 32. Ne2 Bc5
33. Qc3 b5 34. cxb5 axb5 35. Rd3 Rb8 36. Ra1 Rg7 37. b4 Bb6 38. Qb3 Qf6 39.
Rad1 Rd8 40. Qc3 Ra7 41. Kb1 c5 42. Qd2 Qe6 43. Nc1 c4 44. Rxd6 Rxd6 45.
Qxd6 Qxd6 46. Rxd6 Be3 47. Rd5 Rxa3 48. Rxe5 Rc3 49. Ne2 Rb3+ 50. Kc2 Rxb4
51. Rf5 Rb3 52. Nxf4 Bd4 53. Ne6 Rb2+ 54. Kc1 Bc3 55. Rc5 b4 56. Rxc4 Rf2
57. f4 Bd2+ 58. Kd1 b3 59. Rc7+ Kg8 60. Rg7+ Kh8 61. Rb7 Bxf4 62. Rxb3 Be5
63. Rb5 Bg3 64. Rf5 Rh2 65. Rh5 Kg8 66. Rxh6 Kf7 67. g5 Be5 68. h4 Bc3 69.
Nf4 Rd2+ 70. Kc1 Rh2 71. Nd3 Bg7 72. Rc6 Rxh4 73. g6+ Ke7 74. e5 Rd4 75.
Rc7+ Ke6 76. Rxg7 Rxd3 77. Kc2 Rg3 1/2-1/2

[Event "13th S&WYM"]
[Site "Millfield School ENG"]
[Date "2003.07.15"]
[Round "7"]
[White "Sinkevich,P"]
[Black "Buckley,Si"]
[Result "1-0"]
[WhiteElo "2313"]
[BlackElo "2267"]
[EventDate "2003.07.09"]

1. e4 c5 2. Nf3 d6 3. c3 Nf6 4. Bd3 Nc6 5. Bc2 Bg4 6. d3 e6 7. Nbd2 d5 8.
h3 Bh5 9. Qe2 Be7 10. Ba4 Qc7 11. O-O O-O 12. Bxc6 Bxf3 13. Nxf3 Qxc6 14.
Re1 Rad8 15. Bg5 Rfe8 16. e5 Nd7 17. Bxe7 Rxe7 18. Rad1 a6 19. h4 Rf8 20.
Rd2 Qa4 21. b3 Qf4 22. d4 f6 23. exf6 Nxf6 24. dxc5 e5 25. Qe3 Qf5 26. Qg5
Qc8 27. Rxe5 Ref7 28. Qf5 Qxc5 29. Ng5 Qxc3 30. Rexd5 g6 31. Qe6 Nxd5 32.
Qxd5 Kg7 33. Ne6+ Kg8 34. Nxf8 Kxf8 35. g3 Kg7 36. Kg2 Qf6 37. a4 Re7 38.
a5 Rf7 39. b4 h5 40. Rc2 Kh6 41. Qd2+ Kh7 42. Qd3 Kh6 43. Qe3+ Kh7 44. Rc5
Qb2 45. Rc4 Qa2 46. Rd4 Qc2 47. Rd6 Qf5 48. Rd8 Qf6 49. Qd4 Qxd4 50. Rxd4
Re7 51. Rd6 Kg7 52. Rb6 Rf7 53. f3 Re7 54. Kf2 Kf7 55. g4 hxg4 56. fxg4 Kg7
57. Kf3 Kf7 58. Kf4 Kg7 59. Rd6 Kf7 60. Kg5 Re5+ 61. Kh6 Re4 62. Rxg6 Rxb4
63. h5 1-0

[Event "13th S&WYM"]
[Site "Millfield School ENG"]
[Date "2003.07.15"]
[Round "7"]
[White "Broomfield,M"]
[Black "Gordon,S"]
[Result "1/2-1/2"]
[WhiteElo "2249"]
[BlackElo "2216"]
[EventDate "2003.07.09"]

1. d4 Nf6 2. c4 g6 3. Nc3 d5 4. Nf3 Bg7 5. cxd5 Nxd5 6. Qb3 Nxc3 7. bxc3 c5
8. e3 O-O 9. Be2 Qc7 10. O-O Nd7 11. e4 b6 12. Bg5 e6 13. e5 Re8 14. Nd2
Bb7 15. Nc4 Bd5 16. Qa4 f6 17. exf6 Nxf6 18. Be3 Ne4 19. Rac1 Nxc3 20. Rxc3
cxd4 21. Rcc1 dxe3 22. Nxe3 Qe5 23. Rfd1 Rf8 24. Bb5 Rf7 25. Nxd5 exd5 26.
Bc6 Rd8 27. Qb3 Rff8 1/2-1/2

[Event "13th S&WYM"]
[Site "Millfield School ENG"]
[Date "2003.07.15"]
[Round "7"]
[White "Addison,B"]
[Black "Palliser,R"]
[Result "1/2-1/2"]
[WhiteElo "2251"]
[BlackElo "2438"]
[EventDate "2003.07.09"]

1. c4 c5 2. Nf3 Nc6 3. Nc3 g6 4. e3 Nf6 5. d4 cxd4 6. exd4 d5 7. cxd5 Nxd5
8. Qb3 Nxc3 9. Bc4 Nd5 10. Bxd5 e6 11. Bxc6+ bxc6 12. O-O Qd5 13. Qc2 Bg7
14. Be3 O-O 15. Rfc1 Bb7 16. Qd2 Rfd8 17. Qb4 Qb5 18. Qe7 Bf8 19. Qf6 Qf5
20. Qxf5 gxf5 21. Ne5 f4 22. Bxf4 Rxd4 23. Be3 Rb4 24. Nd3 Rb5 25. b3
1/2-1/2

[Event "13th S&WYM"]
[Site "Millfield School ENG"]
[Date "2003.07.15"]
[Round "7"]
[White "Buckley,M"]
[Black "Pinter,G"]
[Result "0-1"]
[WhiteElo "2130"]
[BlackElo "2376"]
[EventDate "2003.07.09"]

1. e4 c5 2. Nc3 Nc6 3. g3 g6 4. Bg2 Bg7 5. d3 d6 6. Be3 e6 7. Qd2 Qa5 8. f4
Nge7 9. Nf3 Nd4 10. O-O Nec6 11. e5 d5 12. Bf2 O-O 13. a3 f6 14. exf6 Bxf6
15. Rae1 Nxf3+ 16. Bxf3 Nd4 17. Bg2 Bd7 18. g4 Kh8 19. Bg3 Rae8 20. Rf2 Bg7
21. Nd1 Qxd2 22. Rxd2 e5 23. fxe5 Bh6 24. Rf2 Rxf2 25. Nxf2 Nxc2 26. Re2
Nd4 27. Re1 Bd2 28. Rd1 Ne2+ 29. Kf1 Nxg3+ 30. hxg3 Be3 31. Re1 d4 32. Nd1
Rf8+ 0-1

[Event "13th S&WYM"]
[Site "Millfield School ENG"]
[Date "2003.07.15"]
[Round "7"]
[White "Nixon,T"]
[Black "Jasny,S"]
[Result "0-1"]
[WhiteElo "2226"]
[BlackElo "2319"]
[EventDate "2003.07.09"]

1. d4 Nf6 2. c4 d6 3. Nc3 Nbd7 4. e4 e5 5. d5 g6 6. Be3 Bg7 7. f3 Nh5 8.
Nge2 O-O 9. Qd2 f5 10. exf5 gxf5 11. O-O-O a6 12. g4 fxg4 13. fxg4 Nf4 14.
Nxf4 exf4 15. Bxf4 Ne5 16. Bxe5 Bxe5 17. Kb1 Qh4 18. Be2 Bd7 19. Rdf1 Bg7
20. Qe1 Rxf1 21. Rxf1 Qxe1+ 22. Rxe1 Re8 23. h3 Re3 24. Kc2 Rxh3 25. Bd1
Be5 26. Kd2 Bf4+ 27. Kc2 Rh2+ 28. Kb3 Be5 29. Rg1 Kg7 30. Bc2 Rh3 31. a4 a5
32. Rg2 h6 33. Bd1 b6 34. c5 dxc5 35. Re2 Kf6 36. Rf2+ Ke7 37. Bf3 Bxc3 38.
bxc3 Rg3 39. Kc4 Bxa4 0-1

[Event "13th S&WYM"]
[Site "Millfield School ENG"]
[Date "2003.07.16"]
[Round "8"]
[White "Antal,Ge"]
[Black "Hanley,C"]
[Result "1/2-1/2"]
[WhiteElo "2475"]
[BlackElo "2387"]
[EventDate "2003.07.09"]

1. e4 e6 2. Qe2 c5 3. d3 Nc6 4. Nf3 Nge7 5. h4 d5 6. g3 h6 7. h5 dxe4 8.
dxe4 e5 9. c3 Bg4 10. Be3 Ng8 11. Nbd2 Nf6 12. Qb5 Qc7 13. Bxc5 Bxc5 14.
Qxc5 Bxf3 15. Nxf3 Nxe4 16. Qc4 Nf6 17. O-O-O O-O 18. Bg2 Qa5 19. Nh4 e4
20. Bxe4 Ne5 21. Qe2 Rfe8 22. Bb1 Neg4 23. Qc2 Qg5+ 24. f4 Qc5 25. Nf5 Ne4
26. Rhe1 Ngf2 27. Nd6 Rad8 28. b4 Qxc3 29. Qxc3 Nxc3 30. Rxe8+ Rxe8 31.
Nxe8 Nfxd1 32. Nd6 Nxb1 33. Kxb1 Nc3+ 34. Kb2 Ne2 35. Nf5 g6 1/2-1/2

[Event "13th S&WYM"]
[Site "Millfield School ENG"]
[Date "2003.07.16"]
[Round "8"]
[White "Jones,G"]
[Black "Mah,K"]
[Result "1-0"]
[WhiteElo "2347"]
[BlackElo "2418"]
[EventDate "2003.07.09"]

1. e4 e6 2. d3 c5 3. Nf3 Nc6 4. g3 d6 5. Bg2 Nf6 6. O-O Be7 7. Re1 O-O 8.
c3 Bd7 9. d4 cxd4 10. cxd4 d5 11. e5 Ne4 12. Nc3 Nxc3 13. bxc3 Na5 14. h4
Rc8 15. Qd3 h6 16. Bf4 Qc7 17. Rac1 Ba3 18. Nh2 Qc4 19. Qf3 Bxc1 20. Rxc1
h5 21. Bf1 Qc7 22. Qxh5 Be8 23. Qg4 Nc6 24. Bd3 Ne7 25. Bg5 f5 26. exf6 Nf5
27. Bxf5 exf5 28. Qxf5 Qd7 29. Qf4 Bh5 30. g4 Bg6 31. h5 Be4 32. f3 Bh7 33.
h6 gxf6 34. Bxf6 Bg6 35. g5 Rce8 36. Ng4 Re2 37. Qg3 Bf5 38. h7+ 1-0

[Event "13th S&WYM"]
[Site "Millfield School ENG"]
[Date "2003.07.16"]
[Round "8"]
[White "Dvorak,T"]
[Black "Dearing,E"]
[Result "1/2-1/2"]
[WhiteElo "2319"]
[BlackElo "2367"]
[EventDate "2003.07.09"]

1. e4 d6 2. d4 g6 3. Nf3 Bg7 4. Nc3 a6 5. a4 Nf6 6. Be2 O-O 7. O-O b6 8.
Re1 Bb7 9. Bf1 e6 10. Bf4 h6 11. Qe2 Nc6 12. Rad1 Ne7 13. h3 Qd7 14. Bh2
Rae8 15. e5 Nh7 16. exd6 cxd6 17. Ne4 Nc8 18. b3 f5 19. Ned2 g5 20. Qd3 Qf7
21. Nc4 f4 22. Ncd2 Nf6 23. c4 Qc7 24. Qc2 Na7 25. Bd3 Nc6 26. Bg6 Re7 27.
Ne4 Nb4 28. Qd2 a5 29. Nxf6+ Bxf6 30. Be4 e5 31. dxe5 dxe5 32. Bxb7 Qxb7
33. Qd6 e4 34. Nd4 Qd7 35. Qxd7 Rxd7 36. Nf5 Rfd8 37. Rxd7 Rxd7 38. g3 Bc3
39. Rxe4 f3 40. Ne3 Rd2 41. g4 Nd3 42. Bg3 Nc5 43. Re8+ Kf7 44. Rb8 Ne4 45.
Rb7+ Kf8 46. Rb8+ Kf7 47. Rb7+ Ke8 48. Rb8+ Kd7 49. Rb7+ Kc8 50. Rb8+ Kd7
51. Rb7+ 1/2-1/2

[Event "13th S&WYM"]
[Site "Millfield School ENG"]
[Date "2003.07.16"]
[Round "8"]
[White "Gordon,S"]
[Black "Haslinger,S"]
[Result "1/2-1/2"]
[WhiteElo "2216"]
[BlackElo "2414"]
[EventDate "2003.07.09"]

1. Nf3 d5 2. b3 Nf6 3. Bb2 e6 4. e3 Be7 5. d4 a5 6. Nbd2 b6 7. Bd3 Bb7 8.
c4 Ne4 9. Qc2 f5 10. O-O O-O 11. Ne5 Na6 12. a3 Bd6 13. f4 Qe7 14. Ndf3 c5
15. Qe2 Nb8 16. Bc2 Nc6 17. Nxc6 Bxc6 18. dxc5 Bxc5 19. Nd4 Bb7 20. Bxe4
fxe4 21. Qg4 Rf6 22. cxd5 Bxd5 23. a4 Rg6 24. Qe2 Rf8 25. Rf2 e5 26. fxe5
Qxe5 27. Rxf8+ Bxf8 28. Rf1 Bd6 29. Rf4 Qg5 30. Rf5 Qh4 31. Rh5 Qd8 32.
Rxd5 Bxh2+ 33. Kxh2 Qxd5 34. Qc4 Qxc4 35. bxc4 Rf6 36. Nb5 Rc6 37. Na3 h5
38. Bd4 g5 39. Kg3 Kh7 40. Kh3 Kg6 41. g4 Kh6 42. Kg3 Kg6 43. Kh3 h4 44.
Kg2 Kf7 45. Nb5 Ke7 46. Na3 Ke6 47. Kh2 1/2-1/2

[Event "13th S&WYM"]
[Site "Millfield School ENG"]
[Date "2003.07.16"]
[Round "8"]
[White "Trent,L"]
[Black "Addison,B"]
[Result "1-0"]
[WhiteElo "2299"]
[BlackElo "2251"]
[EventDate "2003.07.09"]

1. d4 d5 2. c4 e6 3. Nc3 Nf6 4. Bg5 Be7 5. e3 O-O 6. Rc1 h6 7. Bf4 c6 8.
Bd3 Nbd7 9. cxd5 exd5 10. g4 Nb6 11. h3 Bd6 12. Nge2 Re8 13. Kf1 Nc4 14.
Qc2 Bxf4 15. Nxf4 Nd6 16. b4 b5 17. a4 a6 18. a5 Qe7 19. Na2 Nc4 20. Kg2
Ra7 21. Rce1 Qd6 22. Qc3 Rae7 23. Kf1 Nd7 24. Ng2 Qf6 25. Bxc4 bxc4 26. Qd2
Nf8 27. Nc3 Ne6 28. f4 Ng5 29. Qf2 Ne4 30. Nxe4 Rxe4 31. Qd2 Qe7 32. Kf2 f5
33. g5 hxg5 34. fxg5 Qxg5 35. h4 Qe7 36. Nf4 Qd6 37. h5 Kh7 38. Rhg1 Qf6
39. Rh1 Qd6 40. Rh4 Qf6 41. Rhh1 Be6 42. Reg1 Bf7 43. Rh3 R8e7 44. Rhg3
Rxf4+ 45. exf4 Bxh5 46. Rh1 g6 47. Qd1 Kh6 48. Rg5 Qf7 49. Qg1 Qf6 50. Kf1
Re4 51. Qh2 Rxf4+ 52. Qxf4 Qxg5 53. Qxg5+ Kxg5 54. Kf2 Kf4 55. Re1 Bd1 56.
Rxd1 Ke4 57. Rg1 c3 58. Rxg6 c2 59. Rxc6 Kd3 60. b5 1-0